000 00718nam a2200253 a 4500
001 22762
003 SK-KTurca
005 20260423104436.0
008 000405s1998 xo ae 000 0 slo c
020 _a8088905036 (viaz.)
035 _aUKB000252684
040 _aBAA001
_bslo
_cBAA001
_eAACR2
041 1 _aslo
044 _axo
_cSK
080 _a72.067.26
100 1 _aKrpelán, Igor,
_d1946-
245 0 0 _aPokračovanie rodu
_búpravy objektov ľudovej architektúry
_cIgor Krpelán
260 _aBratislava
_bJaga group
_c1998
300 _a112 s.
_bil., plány
504 _aBibliogr. s. 103
650 0 7 _aľudová architektúra
_2UKBPH
650 0 7 _arekonštrukcie stavieb
_2UKBPH
942 _2ddc
_cOLDO
_n0
999 _c22762
_d22762